000 01299nam a2200241Ia 4500
003 Ost
005 20260416102352.0
008 260416s9999||||xx |||||||||||||| ||und||
040 _cfsecg
041 _aara
082 _a330
100 _aهدير، عبد القادر
_eمؤلف
245 0 _a مدخل للإقتصاد /
_c عبد القادر هدير
260 _aالجزائر
_bجامعة الجزائر3: كلية العلوم الإقتصادية، العلوم التجارية وعلوم التسيير
_c2017
300 _a104 ورقة
_bايضاحات
_c30 سم
504 _aمراجع ص.104
520 _aمفاهيم عامة حول الاقتصاد ومناهجه، المشكلة الاقتصادية، علاقة علم الاقتصاد بالعلوم الأخرى، الأنظمة الاقتصادية، الانتاج العرض والاستهلاك، توازن السوق وأشكال تدخل الدولة، النقود، أزمة الكساد، أزمة التضخم
653 _aالازمات الاقتصادية
653 _aالاقتصاد
653 _aالانتاج
710 _aجامعة الجزائر3: كلية العلوم الإقتصادية، العلوم التجارية وعلوم التسيير
_eناشر علمي
942 _cHANDOUT
999 _c41042
_d41042